000
00228 a2200097 4500
001
51012
100
_a
Arbenz Kurt
245
_a
Advanced Mathematics for Engineers
260
_a
USA
_b
Artech House Inc
_c
090
_c
32299
_d
32299
942
_a
NUST-CAE
_c
M
_c
24779
999
_c
286085
_d
286085